Countries With at least one Billionaire - Statistics

General Stats
  • This quiz has been taken 40 times
  • The average score is 50 of 73
Answer Stats
Number of Billionaires Rank Country % Correct
902 2 China
97%
450 3 India
97%
171 5 Russia
97%
3,028 1 United States
97%
34 18 Spain
94%
54 9 United Kingdom
94%
5 46 Egypt
91%
42 16 Japan
91%
30 21 South Korea
91%
45 14 Sweden
91%
47 13 Australia
88%
56 8 Brazil
88%
140 6 Canada
88%
205 4 Germany
88%
17 25 Norway
88%
15 28 Saudi Arabia
88%
6 44 United Arab Emirates
88%
5 47 Argentina
84%
6 40 Chile
84%
52 11 France
84%
22 23 Mexico
84%
5 48 New Zealand
84%
7 37 Finland
81%
74 7 Italy
81%
10 34 Poland
81%
1 60 Portugal
81%
7 38 South Africa
81%
32 20 Turkey
81%
5 45 Vietnam
81%
16 26 Greece
78%
33 19 Indonesia
78%
2 53 Monaco
78%
13 29 Netherlands
78%
49 12 Singapore
78%
42 15 Switzerland
78%
25 22 Thailand
78%
7 39 Ukraine
78%
11 32 Belgium
75%
11 31 Ireland
75%
2 55 Qatar
75%
4 50 Colombia
72%
9 36 Denmark
72%
3 52 Morocco
72%
15 27 Philippines
72%
9 35 Austria
69%
1 66 Iceland
69%
4 51 Nigeria
69%
6 43 Romania
69%
54 10 Taiwan
69%
41 17 Israel
66%
19 24 Malaysia
66%
1 64 Algeria
63%
1 72 Luxembourg
63%
2 56 Oman
59%
2 54 Bulgaria
56%
11 30 Czech Republic
56%
4 49 Hungary
56%
1 67 Liechtenstein
56%
1 71 Croatia
53%
2 57 Slovakia
53%
2 59 Estonia
50%
1 63 Venezuela
50%
1 73 Albania
44%
1 62 Nepal
41%
10 33 Cyprus
38%
6 42 Lebanon
38%
6 41 Kazakhstan
28%
1 68 Tanzania
28%
1 61 Barbados
22%
1 70 Belize
19%
2 58 Georgia
16%
1 65 Eswatini
3%
1 69 Zimbabwe
0%
No matching quizzes found
Score Distribution
Percent of People with Each Score
Percentile by Number Answered
Your Score History
You have not taken this quiz